000 01211nam a2200313 a 4500
001 ebr10479936
003 CaPaEBR
006 m u
007 cr cn|||||||||
008 110714s2011 enkad sb 001 0 eng d
020 _z1848163223
020 _z9781848163225
020 _z9781848163232 (e-book)
040 _aCaPaEBR
_cCaPaEBR
035 _a(OCoLC)742644584
043 _an-us---
050 1 4 _aTK9023
_b.A48 2011eb
100 1 _aAltgilbers, Larry L.
245 1 0 _aExplosive pulsed power
_h[electronic resource] /
_cLarry L. Altgilbers ... [et al.].
260 _aLondon :
_bImperial College Press,
_c2011.
300 _axviii, 577 p. :
_bill. (some col.)
504 _aIncludes bibliographical references and index.
533 _aElectronic reproduction.
_bPalo Alto, Calif. :
_cebrary,
_d2011.
_nAvailable via World Wide Web.
_nAccess may be limited to ebrary affiliated libraries.
650 0 _aNuclear energy
_zUnited States.
650 0 _aNuclear engineering
_zUnited States.
655 7 _aElectronic books.
_2local
710 2 _aebrary, Inc.
856 4 0 _uhttp://site.ebrary.com/lib/rucke/Doc?id=10479936
_zAn electronic book accessible through the World Wide Web; click to view
999 _c118017
_d118017